Evolución del traje regional en Jalisco : indumentaria de danzas, sones y jarabes de Jalisco /

Đã lưu trong:
Chi tiết về thư mục
Tác giả chính: Galarza Cruz, Guillermina (autor)
Định dạng: Sách
Ngôn ngữ:Tiếng Tây Ban Nha
Loạt:(Ensayos e Investigación. Testimonios ; 13)
Những chủ đề:
Các nhãn: Thêm thẻ
Không có thẻ, Là người đầu tiên thẻ bản ghi này!

MARC

LEADER 00000nam^a2200000^a^4500
001 000029352
005 20250521000000.0
009 20260526114146.235
020 |a 968-832-271-1 
037 |a Acervo ITESO - Biblioteca 
041 |a ESP 
082 |a 746. 9214097235  |b GAL 
100 |a Galarza Cruz, Guillermina  |e (autor) 
245 1 0 |a Evolución del traje regional en Jalisco :  |b indumentaria de danzas, sones y jarabes de Jalisco /  |c G. Galarza Cruz. 
264 |a Guadalajara, México :  |b Gobierno del Estado de Jalisco,  |c 1988 
300 |a 134 p. 
336 |a texto  |b txt  |2 rdacontenido 
337 |a sin mediación  |b n  |2 rdamedio 
338 |a volumen  |b nc  |2 rdasoporte 
440 1 |a (Ensayos e Investigación.  |p Testimonios ;  |v 13) 
649 |a XX 
650 |a Trajes Típicos -  |z Jalisco -  |x Tema Principal 
650 |a Trajes Típicos -  |z México 
650 |a Vestido -  |z Jalisco 
650 |a Vestido -  |z México 
650 |a Diseño Textil -  |z Jalisco 
650 |a Diseño Textil -  |z México 
650 |a Artesanía -  |z Jalisco 
650 |a Artesanía -  |z México 
650 |a Danza Folklórica -  |z Jalisco -  |x Historia y Crítica -  |x Tema Principal 
650 |a Danza Folklórica -  |z México -  |x Historia y Crítica 
650 |a Música Folklórica -  |z Jalisco -  |x Historia y Crítica -  |x Tema Principal 
650 |a Música Folklórica -  |z México -  |x Historia y Crítica 
650 |a Arte Popular -  |z Jalisco 
650 |a Arte Popular -  |z México 
650 |a Arte Jalisciense 
650 |a Arte Mexicano 
650 |a Prácticas Culturales -  |z Jalisco 
650 |a Prácticas Culturales -  |z México 
650 |a Antropología Cultural 
650 |a Jalisco -  |x Condiciones Sociales y Culturales 
650 |a México -  |x Condiciones Sociales y Culturales 
910 |a Fondo General 
920 |a Impresos - Libros 
930 |a Reserva Especial 
905 |a 103 
901 |a 0293520100  |b IT1  |c REE  |i 029352  |u 20250521 
902 |a https://opac.biblio.iteso.mx/vufind/Record/000029352